Score 0/30 Timer 05:00
1 Play Today
% Correct
Met
97%
Men
96.9%
Mockingbird
96.5%
Model
96.5%
Medicine
96.4%
Menstrual
96.2%
Measles
95.4%
Music
94.5%
Manual
94.1%
Massachusetts
94%
Miles
93.9%
Missing
93.2%
Men's
93%
Marine
92.9%
Motors
92.2%
% Correct
Mixed
92%
Mass
91.4%
Mehrheit
91.3%
Movie
91%
Motion
90.7%
Monetary
89.7%
Minister's
88.2%
Meridiem
87.7%
Mile
87.5%
Military
86.6%
Mounted
86%
Metro
82.8%
Management
82.4%
Mouse
78.2%
Mean
74.2%
Remove Ads.
Support Sporcle.
Get the best of Sporcle when you Go Orange. This ad-free experience offers more features, more stats, and more fun while also helping to support Sporcle. Thank you for becoming a member.

You're not logged in!

Compare scores with friends on all Sporcle quizzes.
OR
Log In

Show Comments

Extras

Top Quizzes Today


Score Distribution

Your Account Isn't Verified!

In order to create a playlist on Sporcle, you need to verify the email address you used during registration. Go to your Sporcle Settings to finish the process.

Report this User

Report this user for behavior that violates our Community Guidelines.

Details: